| 000 | 01061nam a2200289 i 4500 | ||
|---|---|---|---|
| 999 |
_c65187 _d65187 |
||
| 001 | 768714001 | ||
| 003 | CO-MdFUSB | ||
| 005 | 20191021162013.0 | ||
| 008 | 190904t2011 -us |||| |||| 00| 0 spa d | ||
| 020 | _a[No incluye ISBN] | ||
| 040 |
_aCO-MdFUSB _bspa _cCO-MdFUSB _dCO-MdFUSBC _erda |
||
| 041 | _aeng | ||
| 082 |
_223 _a265.5 _bM478 |
||
| 100 |
_aMcFinn, Randolph. _eautor |
||
| 245 | 1 | 4 |
_aThe wedding ceremony : _bhow to officiate a wedding: a guide for new ministers. _c/ Randolph McFinn. |
| 264 | 1 |
_aEstados Unidos : _bFirst Faith Publishing, _c[2011] |
|
| 264 | 4 | _c© 2011 | |
| 300 |
_a98 páginas _c; 21 cm |
||
| 336 |
_2rdacontent _atexto _btxt |
||
| 337 |
_2rdamedia _asin mediación _bn |
||
| 338 |
_2rdacarrier _avolumen _bnc |
||
| 505 | _aUna introducción al matrimonio. -- Requisitos de licencia estatales. -- El papel del oficiante. -- Trabajando en el lugar. -- Una muestra de ceremonia. - Niños extra maritales. -- Consideraciones adicionales. | ||
| 563 | _aRústico. | ||
| 650 | 7 |
_9300 _aMatrimonio |
|
| 942 | _cBK | ||
| 945 | _aJTF-925 | ||